000
00270nam a2200097Ia 4500
001
683192
005
20250826161433.0
008
250824s9999 xx 000 0 und d
245
0
_a
AŞKIN GÖZYAŞLARI III KİMYA HATUN
_c
SİNAN YAĞMUR
260
_b
KARATAY AKADEMİ YAYINLARI
999
_c
683192
_d
683192